Ultimate Airline Logo Quiz - Statistics

General Stats
  • This quiz has been taken 1,321 times
  • The average score is 50 of 128
Answer Stats
Picture Hint Answer % Correct
North America Delta Airlines
93%
Europe KLM
93%
Europe Swiss
92%
Europe Lufthansa
84%
North America United Airlines
84%
Asia All Nippon Airways
82%
Asia Cathay Pacific
78%
Asia Japan Airlines
77%
Asia Thai Airways
75%
Europe Wizz Air
75%
Asia Air China
74%
Asia Qatar Airways
73%
Europe Ryanair
72%
Europe Air France
71%
Europe ITA Airways
71%
Asia Air Asia
70%
Asia Emirates
69%
Europe Virgin Atlantic
69%
Asia Singapore Airlines
68%
North America Air Canada
67%
Europe TAP Air Portugal
66%
Europe Aer Lingus
65%
Europe Scandinavian Airlines
65%
Europe/Asia Turkish Airlines
65%
Europe easyJet
63%
North America Alaska Airlines
60%
North America Southwest Airlines
60%
North America Hawaiian Airlines
59%
Oceania Air New Zealand
58%
South America GOL Airlines
58%
Europe LOT Polish Airlines
57%
Asia Pakistan Intl Airlines
57%
Asia Etihad Airways
56%
Asia Malaysia Airlines
56%
Europe Iberia
55%
Europe TUI Airlines
55%
Africa South African Airways
54%
Asia Vietnam Airlines
54%
Asia Air India
53%
Europe/Asia Aeroflot
49%
North America Frontier Airlines
49%
North America jetBlue Airways
49%
North America Aeromexico
48%
Asia China Eastern Airlines
48%
South America LATAM
48%
Europe PLAY
48%
Europe Finnair
47%
Africa Egypt Air
46%
Asia Saudia
46%
Europe Eurowings
45%
Europe Austrian Airlines
44%
Asia Philippine Airlines
44%
Asia China Southern Airlines
43%
Oceania Fiji Airways
43%
Asia Korean Air
43%
Europe Czech Airlines
41%
Asia EVA Air
41%
Europe Vueling
41%
Oceania Jetstar Airways
40%
Asia China Airlines
39%
Asia El Al
39%
Europe Jet2.com
39%
Africa Kenya Airways
39%
Europe Air Europa
38%
Africa Ethiopian Airlines
38%
Europe Brussels Airlines
37%
Europe Icelandair
36%
Europe Croatia Airlines
34%
Asia Lion Air
34%
North America Westjet
34%
Asia Gulf Air
33%
Africa Royal Air Maroc
33%
Europe Transavia
33%
Asia Garuda Indonesia
30%
South America Azul Brazilian Airlines
29%
Asia SriLankan Airlines
29%
North America Copa Airlines
28%
Asia Middle East Airlines
28%
Asia Royal Brunei Airlines
28%
Europe Air Serbia
27%
Asia Indigo
27%
Europe Luxair
26%
Asia Royal Jordanian
25%
Europe Edelweiss Air
24%
Europe KM Malta Airlines
24%
Europe Aegean Airlines
22%
Europe/Asia SunExpress
22%
South America Avianca
21%
North America Volaris
21%
North America Allegiant Air
19%
Asia Hainan Airlines
19%
Asia Iran Air
19%
Asia Kuwait Airways
19%
Asia Starlux Airlines
19%
Europe Bulgaria Air
18%
Asia Xiamen Airlines
18%
Asia Air Astana
17%
Africa Air Senegal
17%
Asia Biman Bangladesh Airlines
17%
Europe TAROM
17%
Africa Air Seychelles
16%
Asia Nok Air
16%
Asia Cebu Pacific Air
15%
Europe Corendon Airlines
15%
Africa RwandAir
15%
Africa Tunisair
15%
Africa Air Mauritius
14%
Asia Azerbaijan Airlines
14%
Asia Flynas
14%
Asia Uzbekistan Airways
14%
South America Aerolineas Argentinas
13%
Africa Air Austral
12%
Asia Air Macau
12%
North America Caribbean Airlines
12%
Asia Iraqi Airways
12%
North America Viva Aerobus
12%
Oceania Aircalin
10%
Europe Air Caraibes
10%
Africa Air Cote d´Ivoire
10%
Oceania Air Tahiti Nui
10%
Europe Corsair
10%
Asia Air Cambodia
9%
Oceania Air Niugini
9%
Africa Air Tanzania
9%
Africa TAAG Angola Airlines
9%
Asia Air Bangkok
8%
Asia MIAT Mongolian Airlines
7%
Asia Salam Air
7%
No matching quizzes found
Score Distribution
Percent of People with Each Score
Percentile by Number Answered
Your Score History
You have not taken this quiz